Culture Générale - Série 858 - Statistiques

Statistiques générales
  • Ce quiz a été pris 128 fois
  • Le résultat moyen est 6 sur 10
Statistiques - réponses
Question Réponse % Correct
A l'oreille de quels animaux, un éthologue équin chuchote-t-il ? chevaux
89%
Dans la saga des "James Bond", quelle lettre désigne le patron de 007 ? M
87%
Quel gaz, découvert par Jan Baptist Van Helmont, a pour symbole chimique : CO2 ? gaz carbonique
83%
Quel carbone radioactif est utilisé pour déterminer l'âge des fossiles ? carbone 14
77%
Quelle héroïne mythologique Jean Anouilh met-il à l'honneur, dans une pièce de 1944 ? Antigone
68%
L'ocre brune, utilisée en peinture, et empruntant son nom à une ville de Toscane, s'appelle : "Terre de... Sienne
58%
Quelle pierre fine, symbole de pureté en Chine, a une variété appelée "néphrite" ? jade
48%
Dans le film “Le Chat” de Pierre Granier-Deferre, quelle comédienne partage la vedette avec Jean Gabin ? Simone Signoret
44%
Quelle saga télévisée française, diffusée en 1985, avait pour vedette Chantal Nobel ? Chateauvallon
35%
Sous quel nom est plus connue la femme de lettres française, Anne Louise Germaine Necker ? Madame de Staël
23%
Aucun quiz correspondant
Distribution des résultats
% des personnes avec chaque résultat
Percentile par nombre de réponses
Votre historique - résultats
Vous n’avez pas pris ce quiz